000 00355nam a22001337a 4500
005 20170822175146.0
008 160531b xxu||||| |||| 00| 0 eng d
040 _dBSU
082 _222
_aR330.9UGA
245 _aInward Remittances 2008
_bUganda:Workers' Remittances Report
260 _aKampala
_bUBOS
_c2009
300 _aix,35p.
_c26 cm
942 _2ddc
_cPER
999 _c10709
_d10709